000 00750nam a2200205 i 4500
001 189542
003 ES-MaACL
005 20230906223510.0
007 t|
008 190610s1948 sp r ||||1| spa d
100 1 _aVicioso, Carlos (
_d1886-1968)
_9114383
245 1 0 _aEstudios sobre el género "Rosa" en España /
_cpor Carlos Vicioso.
260 _aMadrid :
_bInstituto Forestal de Investigaciones y Experiencias,
_c1948.
300 _a111 p. ;
_c24 cm.
490 1 _aInstituto Forestal de Investigaciones y Experiencias ;
_vAño XIX, nº 40
650 4 _aRosales-
_zEspaña.
_9167323
830 0 _aInstituto Forestal de Investigaciones y Experiencias ;
_vAño XIX, nº 40
_9181435
852 _aES-MaACL
_jP-569-Bis-27
999 _c189542
_d189542